[Event "Poznan Chess Festival"]
[Site "chess24.com"]
[Date "2021.08.16"]
[Round "3"]
[White "Lakowski, Filip"]
[Black "Hladun, Bartlomiej"]
[Result "0-1"]
[Board "23"]
[WhiteElo "1196"]
[WhiteCountry "POL"]
[WhiteFideId "21826420"]
[WhiteEloChange "-2"]
[BlackElo "1639"]
[BlackCountry "POL"]
[BlackFideId "21802467"]
[BlackEloChange "2"]

1. e4 {[%clk 1:30:57]} c5 {[%clk 1:30:55]} 2. c3 {[%clk 1:31:22]} g6 {[%clk
1:31:18]} 3. d4 {[%clk 1:31:31]} cxd4 {[%clk 1:31:46]} 4. cxd4 {[%clk 1:31:53]}
d5 {[%clk 1:32:11]} 5. e5 {[%clk 1:31:48]} Nc6 {[%clk 1:32:32]} 6. Nf3 {[%clk
1:31:40]} Bg4 {[%clk 1:32:55]} 7. Be2 {[%clk 1:31:29]} e6 {[%clk 1:32:57]} 8. a3
{[%clk 1:31:11]} Nh6 {[%clk 1:28:22]} 9. Nc3 {[%clk 1:29:27]} Nf5 {[%clk
1:26:35]} 10. Be3 {[%clk 1:26:51]} Bg7 {[%clk 1:26:02]} 11. h3 {[%clk 1:26:30]}
Bxf3 {[%clk 1:26:17]} 12. Bxf3 {[%clk 1:24:50]} O-O {[%clk 1:26:04]} 13. g4
{[%clk 1:21:41]} Nxe3 {[%clk 1:22:11]} 14. fxe3 {[%clk 1:22:02]} Qh4+ {[%clk
1:22:33]} 15. Ke2 {[%clk 1:21:40]} f6 {[%clk 1:20:57]} 16. exf6 {[%clk 1:21:00]}
Qxf6 {[%clk 1:18:53]} 17. Rf1 {[%clk 1:20:11]} Qh4 {[%clk 1:18:36]} 18. Bg2
{[%clk 1:18:16]} Qg3 {[%clk 1:12:48]} 19. Rxf8+ {[%clk 1:11:06]} Rxf8 {[%clk
1:13:13]} 20. Qg1 {[%clk 1:11:18]} Nxd4+ {[%clk 1:08:38]} 21. Kd3 {[%clk
1:05:25]} Nf3 {[%clk 1:04:30]} 22. Bxf3 {[%clk 1:03:22]} Qxf3 {[%clk 1:01:05]}
23. Qh2 {[%clk 1:00:56]} d4 {[%clk 1:00:29]} 0-1

[Event "Poznan Chess Festival"]
[Site "chess24.com"]
[Date "2021.08.16"]
[Round "3"]
[White "Litke, Slawomir"]
[Black "Gluszynski, Michal"]
[Result "1-0"]
[Board "24"]
[WhiteElo "1623"]
[WhiteCountry "POL"]
[WhiteFideId "21882282"]
[WhiteEloChange "3"]
[BlackElo "1302"]
[BlackCountry "POL"]
[BlackFideId "21858500"]
[BlackEloChange "-3"]

1. e4 {[%clk 1:30:56]} e6 {[%clk 1:30:54]} 2. Nf3 {[%clk 1:29:54]} c5 {[%clk
1:29:36]} 3. d4 {[%clk 1:28:52]} cxd4 {[%clk 1:30:00]} 4. Nxd4 {[%clk 1:28:20]}
a6 {[%clk 1:30:08]} 5. Be2 {[%clk 1:28:08]} Nf6 {[%clk 1:30:11]} 6. Nc3 {[%clk
1:27:03]} Qc7 {[%clk 1:29:31]} 7. O-O {[%clk 1:21:17]} b5 {[%clk 1:28:37]} 8. Bf3
{[%clk 1:16:23]} e5 {[%clk 1:19:40]} 9. Nf5 {[%clk 1:14:46]} Bb7 {[%clk 1:15:58]}
10. Nd5 {[%clk 1:12:58]} Bxd5 {[%clk 1:13:26]} 11. exd5 {[%clk 1:13:17]} d6
{[%clk 1:12:52]} 12. Re1 {[%clk 1:11:30]} Nbd7 {[%clk 1:11:55]} 13. c3 {[%clk
1:05:28]} Rc8 {[%clk 1:04:25]} 14. a4 {[%clk 1:03:34]} Nb6 {[%clk 0:58:34]} 15.
axb5 {[%clk 1:02:38]} axb5 {[%clk 0:58:55]} 16. Nd4 {[%clk 0:59:26]} Nbxd5 {[%clk
0:52:14]} 17. Nxb5 {[%clk 0:54:10]} Qc5 {[%clk 0:51:00]} 18. Na7 {[%clk 0:44:26]}
Rc7 {[%clk 0:46:38]} 19. Qa4+ {[%clk 0:29:56]} Rd7 {[%clk 0:42:31]} 20. c4 {[%clk
0:25:40]} Ne7 {[%clk 0:23:56]} 21. Nc6 {[%clk 0:25:04]} Nc8 {[%clk 0:21:34]} 22.
Nb8 {[%clk 0:23:59]} Nb6 {[%clk 0:19:06]} 23. Nxd7 {[%clk 0:23:29]} Nfxd7 {[%clk
0:17:33]} 24. Qa7 {[%clk 0:21:57]} Be7 {[%clk 0:15:44]} 25. Be3 {[%clk 0:21:56]}
Qb4 {[%clk 0:15:58]} 26. Bc6 {[%clk 0:20:13]} 1-0

[Event "Poznan Chess Festival"]
[Site "chess24.com"]
[Date "2021.08.16"]
[Round "3"]
[White "Lakowski, Krzysztof"]
[Black "Krych, Dominik"]
[Result "0-1"]
[Board "25"]
[WhiteElo "1186"]
[WhiteCountry "POL"]
[WhiteFideId "21826439"]
[WhiteEloChange "-2"]
[BlackElo "1617"]
[BlackCountry "POL"]
[BlackFideId "21039070"]
[BlackEloChange "2"]

1. e4 {[%clk 1:30:58]} c5 {[%clk 1:30:40]} 2. Nf3 {[%clk 1:30:27]} Nc6 {[%clk
1:30:47]} 3. d4 {[%clk 1:29:39]} cxd4 {[%clk 1:31:12]} 4. Nxd4 {[%clk 1:29:35]}
Nf6 {[%clk 1:31:36]} 5. Nxc6 {[%clk 1:29:21]} bxc6 {[%clk 1:31:55]} 6. Bd3 {[%clk
1:28:44]} e5 {[%clk 1:30:40]} 7. a3 {[%clk 1:28:12]} Be7 {[%clk 1:30:37]} 8. Bg5
{[%clk 1:27:30]} O-O {[%clk 1:30:26]} 9. Nd2 {[%clk 1:27:06]} d5 {[%clk 1:29:25]}
10. O-O {[%clk 1:24:10]} Bd7 {[%clk 1:26:20]} 11. h3 {[%clk 1:21:05]} h6 {[%clk
1:25:22]} 12. Bh4 {[%clk 1:20:39]} Nxe4 {[%clk 1:25:12]} 13. Bxe7 {[%clk
1:19:32]} Qxe7 {[%clk 1:25:33]} 14. Nxe4 {[%clk 1:17:53]} dxe4 {[%clk 1:25:57]}
15. Bxe4 {[%clk 1:18:17]} f5 {[%clk 1:22:50]} 16. Bd3 {[%clk 1:15:20]} e4 {[%clk
1:20:55]} 17. Bc4+ {[%clk 1:15:21]} Kh8 {[%clk 1:21:12]} 18. Re1 {[%clk 1:10:58]}
f4 {[%clk 1:15:16]} 19. Be2 {[%clk 1:04:45]} Rad8 {[%clk 1:13:04]} 20. Bg4 {[%clk
1:03:54]} Bxg4 {[%clk 1:08:03]} 21. Qxg4 {[%clk 1:04:10]} Rd2 {[%clk 1:08:24]}
22. Re2 {[%clk 0:54:06]} Rxe2 {[%clk 1:07:26]} 23. Qxe2 {[%clk 0:54:18]} f3
{[%clk 1:07:44]} 24. Qf1 {[%clk 0:50:49]} e3 {[%clk 1:06:06]} 25. fxe3 {[%clk
0:50:00]} fxg2 {[%clk 1:06:08]} 26. Qxg2 {[%clk 0:49:51]} Qxe3+ {[%clk 1:06:25]}
27. Kh1 {[%clk 0:49:12]} Rf3 {[%clk 1:06:45]} 28. Qg4 {[%clk 0:44:47]} Rg3 {[%clk
1:05:11]} 29. Qc8+ {[%clk 0:44:27]} Kh7 {[%clk 1:05:37]} 30. Qf5+ {[%clk
0:44:50]} Rg6 {[%clk 1:06:04]} 31. h4 {[%clk 0:43:47]} Qg3 {[%clk 1:06:18]} 0-1

[Event "Poznan Chess Festival"]
[Site "chess24.com"]
[Date "2021.08.16"]
[Round "3"]
[White "Weglarz, Janusz"]
[Black "Michalska, Lena"]
[Result "1-0"]
[Board "26"]
[WhiteElo "1607"]
[WhiteCountry "POL"]
[WhiteFideId "1123076"]
[WhiteEloChange "2"]
[BlackElo "1231"]
[BlackCountry "POL"]
[BlackFideId "21012130"]
[BlackEloChange "-2"]

1. Nf3 {[%clk 1:30:49]} c5 {[%clk 1:30:46]} 2. e4 {[%clk 1:30:46]} g6 {[%clk
1:30:49]} 3. Nc3 {[%clk 1:30:59]} Bg7 {[%clk 1:29:55]} 4. Bc4 {[%clk 1:30:27]}
Nc6 {[%clk 1:28:12]} 5. a3 {[%clk 1:30:46]} b6 {[%clk 1:21:50]} 6. O-O {[%clk
1:30:24]} Nf6 {[%clk 1:20:16]} 7. d3 {[%clk 1:30:31]} O-O {[%clk 1:19:22]} 8. h3
{[%clk 1:30:34]} d6 {[%clk 1:16:40]} 9. Bf4 {[%clk 1:29:48]} Nd7 {[%clk 1:14:33]}
10. Qd2 {[%clk 1:29:26]} Nde5 {[%clk 1:10:43]} 11. Nxe5 {[%clk 1:28:59]} Nxe5
{[%clk 1:11:05]} 12. Bd5 {[%clk 1:28:57]} Rb8 {[%clk 1:09:56]} 13. Bh6 {[%clk
1:28:38]} e6 {[%clk 1:00:05]} 14. Bxg7 {[%clk 1:28:25]} Kxg7 {[%clk 1:00:31]} 15.
Ba2 {[%clk 1:27:19]} Nc6 {[%clk 0:57:29]} 16. Ne2 {[%clk 1:26:58]} d5 {[%clk
0:54:31]} 17. Qc3+ {[%clk 1:23:43]} d4 {[%clk 0:52:09]} 18. Qd2 {[%clk 1:24:01]}
f5 {[%clk 0:47:37]} 19. exf5 {[%clk 1:22:26]} exf5 {[%clk 0:47:34]} 20. Nf4
{[%clk 1:22:37]} Qd6 {[%clk 0:43:14]} 21. Rae1 {[%clk 1:21:40]} Bd7 {[%clk
0:38:31]} 22. Re2 {[%clk 1:19:56]} Rbe8 {[%clk 0:34:09]} 23. Rfe1 {[%clk
1:20:20]} Re5 {[%clk 0:32:58]} 24. Be6 {[%clk 1:13:09]} Bxe6 {[%clk 0:30:57]} 25.
Nxe6+ {[%clk 1:13:30]} Qxe6 {[%clk 0:31:04]} 26. Rxe5 {[%clk 1:12:54]} Nxe5
{[%clk 0:31:32]} 27. f4 {[%clk 1:13:15]} Nc4 {[%clk 0:28:13]} 28. dxc4 {[%clk
1:13:32]} Qxc4 {[%clk 0:28:37]} 29. Re5 {[%clk 1:12:35]} Qf7 {[%clk 0:26:23]} 30.
Qe2 {[%clk 1:12:39]} Qf6 {[%clk 0:26:26]} 31. Re6 {[%clk 1:11:55]} Qd8 {[%clk
0:26:07]} 32. Qe5+ {[%clk 1:11:39]} Kh6 {[%clk 0:22:31]} 33. Re7 {[%clk 1:10:42]}
Rg8 {[%clk 0:22:38]} 34. Qf6 {[%clk 1:09:40]} Qxe7 {[%clk 0:21:38]} 35. Qxe7
{[%clk 1:09:43]} a5 {[%clk 0:20:09]} 36. Kf2 {[%clk 1:09:44]} c4 {[%clk 0:19:35]}
37. g4 {[%clk 1:08:03]} 1-0

[Event "Poznan Chess Festival"]
[Site "chess24.com"]
[Date "2021.08.16"]
[Round "3"]
[White "Czyzewski, Olgierd"]
[Black "Dopierala, Adam"]
[Result "0-1"]
[Board "27"]
[WhiteElo "1104"]
[WhiteCountry "POL"]
[WhiteFideId "21899690"]
[WhiteEloChange "-2"]
[BlackElo "1582"]
[BlackCountry "POL"]
[BlackFideId "21878960"]
[BlackEloChange "2"]

1. c4 {[%clk 1:30:30]} Nf6 {[%clk 1:30:30]} 2. Nc3 {[%clk 1:30:30]} e5 {[%clk
1:30:30]} 3. g3 {[%clk 1:30:30]} c6 {[%clk 1:30:30]} 4. Bg2 {[%clk 1:30:30]} d5
{[%clk 1:30:30]} 5. cxd5 {[%clk 1:30:30]} cxd5 {[%clk 1:30:30]} 6. d3 {[%clk
1:30:30]} d4 {[%clk 1:30:30]} 7. Ne4 {[%clk 1:30:30]} Nxe4 {[%clk 1:30:30]} 8.
Bxe4 {[%clk 1:30:30]} Bb4+ {[%clk 1:30:30]} 9. Bd2 {[%clk 1:30:30]} Bxd2+ {[%clk
1:30:30]} 10. Qxd2 {[%clk 1:30:30]} Nc6 {[%clk 1:30:30]} 11. Bg2 {[%clk 1:30:30]}
O-O {[%clk 1:30:30]} 12. Nf3 {[%clk 1:30:30]} Be6 {[%clk 1:30:30]} 13. O-O {[%clk
1:30:30]} h6 {[%clk 1:30:30]} 14. Rfc1 {[%clk 1:30:30]} Qd6 {[%clk 1:30:30]} 15.
a3 {[%clk 1:30:30]} Rac8 {[%clk 1:30:30]} 16. b4 {[%clk 1:30:30]} Ne7 {[%clk
1:30:30]} 17. Rxc8 {[%clk 1:30:30]} Rxc8 {[%clk 1:30:30]} 18. Rc1 {[%clk
1:30:30]} Nd5 {[%clk 1:30:30]} 19. Rxc8+ {[%clk 1:30:30]} Bxc8 {[%clk 1:30:30]}
20. Qc2 {[%clk 1:30:30]} Nc3 {[%clk 1:30:30]} 21. e3 {[%clk 1:30:30]} Bg4 {[%clk
1:30:30]} 22. h3 {[%clk 1:30:30]} Bxf3 {[%clk 1:30:30]} 23. Bxf3 {[%clk 1:30:30]}
Qa6 {[%clk 1:30:30]} 24. exd4 {[%clk 1:30:30]} exd4 {[%clk 1:30:30]} 25. a4
{[%clk 1:30:30]} b6 {[%clk 1:30:30]} 26. Bd1 {[%clk 1:30:30]} Qc8 {[%clk
1:30:30]} 27. Bg4 {[%clk 1:30:30]} Qc6 {[%clk 1:30:30]} 28. b5 {[%clk 1:30:30]}
Qd5 {[%clk 1:30:30]} 29. Bd1 {[%clk 1:30:30]} Qe6 {[%clk 1:30:30]} 30. Qd2 {[%clk
1:30:30]} Qxh3 {[%clk 1:30:30]} 31. Bb3 {[%clk 1:30:30]} Qg4 {[%clk 1:30:30]} 32.
Qe1 {[%clk 1:30:30]} Qe2 {[%clk 1:30:30]} 33. Qxe2 {[%clk 1:30:30]} Nxe2+ {[%clk
1:30:30]} 34. Kg2 {[%clk 1:30:30]} g5 {[%clk 1:30:30]} 35. Kf3 {[%clk 1:30:30]}
Nc3 {[%clk 1:30:30]} 36. Kg4 {[%clk 1:30:30]} Kg7 {[%clk 1:30:30]} 37. Kf5 {[%clk
1:30:30]} f6 {[%clk 1:30:30]} 38. Bc4 {[%clk 1:30:30]} h5 {[%clk 1:30:30]} 39. f4
{[%clk 1:30:30]} h4 {[%clk 1:30:30]} 40. gxh4 {[%clk 1:30:30]} gxh4 {[%clk
1:30:30]} 41. Kg4 {[%clk 1:30:30]} Nxa4 {[%clk 1:30:30]} 42. Kxh4 {[%clk
1:30:30]} Kg6 {[%clk 1:30:30]} 43. Kg4 {[%clk 1:30:30]} f5+ {[%clk 1:30:30]} 44.
Kf3 {[%clk 1:30:30]} Nb2 {[%clk 1:30:30]} 45. Ba2 {[%clk 1:30:30]} Nxd3 {[%clk
1:30:30]} 46. Bb1 {[%clk 1:30:30]} Nc5 {[%clk 1:30:30]} 47. Ke2 {[%clk 1:30:30]}
Kf6 {[%clk 1:30:30]} 48. Kd2 {[%clk 1:30:30]} Ne4+ {[%clk 1:30:30]} 49. Kd3
{[%clk 1:30:30]} Nc3 {[%clk 1:30:30]} 50. Bc2 {[%clk 1:30:30]} Nxb5 {[%clk
1:30:30]} 51. Ba4 {[%clk 1:30:30]} a6 {[%clk 1:30:30]} 52. Bxb5 {[%clk 1:30:30]}
axb5 {[%clk 1:30:30]} 53. Kxd4 {[%clk 1:30:30]} Ke6 {[%clk 1:30:30]} 54. Kc3
{[%clk 1:30:30]} Kd5 {[%clk 1:30:30]} 55. Kb4 {[%clk 1:30:30]} Ke4 {[%clk
1:30:30]} 56. Kxb5 {[%clk 1:30:30]} Kxf4 {[%clk 1:30:30]} 57. Kxb6 {[%clk
1:30:59]} Ke3 {[%clk 1:30:30]} 0-1

[Event "Poznan Chess Festival"]
[Site "chess24.com"]
[Date "2021.08.16"]
[Round "3"]
[White "Hoffmann, Piotr"]
[Black "Skrzypczak, Jan"]
[Result "1-0"]
[Board "28"]
[WhiteElo "1579"]
[WhiteCountry "POL"]
[WhiteFideId "1134540"]
[WhiteEloChange "2"]
[BlackElo "1192"]
[BlackCountry "POL"]
[BlackFideId "21019630"]
[BlackEloChange "-2"]

1. Nc3 {[%clk 1:30:30]} d5 {[%clk 1:30:30]} 2. e3 {[%clk 1:30:30]} Nf6 {[%clk
1:30:30]} 3. d4 {[%clk 1:30:30]} e6 {[%clk 1:30:30]} 4. Nf3 {[%clk 1:30:30]} c5
{[%clk 1:30:30]} 5. Bb5+ {[%clk 1:30:30]} Bd7 {[%clk 1:30:30]} 6. Qe2 {[%clk
1:30:30]} Nc6 {[%clk 1:30:30]} 7. Ne5 {[%clk 1:30:30]} Bd6 {[%clk 1:30:30]} 8.
Nxd7 {[%clk 1:30:30]} Qxd7 {[%clk 1:30:30]} 9. dxc5 {[%clk 1:30:30]} Bxc5 {[%clk
1:30:30]} 10. O-O {[%clk 1:30:30]} O-O {[%clk 1:30:30]} 11. a3 {[%clk 1:30:30]}
a6 {[%clk 1:30:30]} 12. Ba4 {[%clk 1:30:30]} Qd6 {[%clk 1:30:30]} 13. b4 {[%clk
1:30:30]} Bb6 {[%clk 1:30:30]} 14. Bb2 {[%clk 1:30:30]} Bc7 {[%clk 1:30:30]} 15.
g3 {[%clk 1:30:30]} b5 {[%clk 1:30:30]} 16. Bb3 {[%clk 1:30:30]} h5 {[%clk
1:30:30]} 17. Rad1 {[%clk 1:30:30]} h4 {[%clk 1:30:30]} 18. f4 {[%clk 1:30:30]}
Qe7 {[%clk 1:30:30]} 19. g4 {[%clk 1:30:30]} Nh7 {[%clk 1:30:30]} 20. Qf3 {[%clk
1:30:30]} g5 {[%clk 1:30:30]} 21. Ne2 {[%clk 1:30:30]} f5 {[%clk 1:30:30]} 22.
Kh1 {[%clk 1:30:30]} Rf7 {[%clk 1:30:30]} 23. Rg1 {[%clk 1:30:30]} Kf8 {[%clk
1:30:30]} 24. Rg2 {[%clk 1:30:30]} Nf6 {[%clk 1:30:30]} 25. gxf5 {[%clk 1:30:30]}
g4 {[%clk 1:30:30]} 26. Rxg4 {[%clk 1:30:30]} Nxg4 {[%clk 1:30:30]} 27. Qxg4
{[%clk 1:30:30]} exf5 {[%clk 1:30:30]} 28. Qf3 {[%clk 1:30:30]} Rd8 {[%clk
1:30:30]} 29. Rxd5 {[%clk 1:30:30]} h3 {[%clk 1:30:30]} 30. Rxd8+ {[%clk
1:30:30]} Qxd8 {[%clk 1:30:30]} 31. Bxf7 {[%clk 1:30:30]} Qd1+ {[%clk 1:30:30]}
32. Ng1 {[%clk 1:30:30]} Qxc2 {[%clk 1:30:30]} 33. Bd5 {[%clk 1:30:30]} Ne7
{[%clk 1:30:30]} 34. Bd4 {[%clk 1:30:30]} 1-0

[Event "Poznan Chess Festival"]
[Site "chess24.com"]
[Date "2021.08.16"]
[Round "3"]
[White "Kabzinski, Jan"]
[Black "Pieczewska, Gabriela"]
[Result "1-0"]
[Board "30"]
[WhiteElo "1532"]
[WhiteCountry "POL"]
[WhiteFideId "21875146"]
[WhiteEloChange "2"]
[BlackElo "1169"]
[BlackCountry "POL"]
[BlackFideId "1195158"]
[BlackEloChange "-2"]

1. c4 {[%clk 1:30:30]} e6 {[%clk 1:30:30]} 2. g3 {[%clk 1:30:30]} d5 {[%clk
1:30:30]} 3. Bg2 {[%clk 1:30:30]} Nf6 {[%clk 1:30:30]} 4. Nf3 {[%clk 1:30:30]} c5
{[%clk 1:30:30]} 5. cxd5 {[%clk 1:30:30]} exd5 {[%clk 1:30:30]} 6. O-O {[%clk
1:30:30]} Nc6 {[%clk 1:30:30]} 7. d4 {[%clk 1:30:30]} c4 {[%clk 1:30:30]} 8. Nc3
{[%clk 1:30:30]} Bb4 {[%clk 1:30:30]} 9. Ne5 {[%clk 1:30:30]} Bxc3 {[%clk
1:30:30]} 10. bxc3 {[%clk 1:30:30]} Bf5 {[%clk 1:30:30]} 11. Nxc6 {[%clk
1:30:30]} bxc6 {[%clk 1:30:30]} 12. Ba3 {[%clk 1:30:30]} Qc8 {[%clk 1:30:30]} 13.
Re1 {[%clk 1:30:30]} Bh3 {[%clk 1:30:30]} 14. Bh1 {[%clk 1:30:30]} h5 {[%clk
1:30:30]} 15. e4 {[%clk 1:30:30]} Kd8 {[%clk 1:30:30]} 16. exd5 {[%clk 1:30:30]}
cxd5 {[%clk 1:30:30]} 17. Be7+ {[%clk 1:30:30]} Kc7 {[%clk 1:30:30]} 18. Qa4
{[%clk 1:30:30]} Be6 {[%clk 1:30:30]} 19. Rab1 {[%clk 1:30:30]} Nd7 {[%clk
1:30:30]} 20. Qb4 {[%clk 1:30:30]} Qa6 {[%clk 1:30:30]} 21. Bd6+ {[%clk 1:30:30]}
Kd8 {[%clk 1:30:30]} 22. a4 {[%clk 1:30:30]} h4 {[%clk 1:30:30]} 23. Bg2 {[%clk
1:30:30]} hxg3 {[%clk 1:30:30]} 24. hxg3 {[%clk 1:30:30]} Nb6 {[%clk 1:30:30]}
25. a5 {[%clk 1:30:30]} Nc8 {[%clk 1:30:30]} 26. Bf4 {[%clk 1:30:30]} Bf5 {[%clk
1:30:30]} 27. Bxd5 {[%clk 1:30:30]} Qg6 {[%clk 1:30:30]} 28. Qb7 {[%clk 1:30:30]}
Nd6 {[%clk 1:30:30]} 29. Qe7+ {[%clk 1:30:30]} Kc8 {[%clk 1:30:30]} 30. Bb7+
{[%clk 1:30:30]} 1-0

[Event "Poznan Chess Festival"]
[Site "chess24.com"]
[Date "2021.08.16"]
[Round "3"]
[White "Maciejski, Pawel"]
[Black "Korzeniewski, Lucjan"]
[Result "0-1"]
[Board "37"]
[WhiteElo "1438"]
[WhiteCountry "POL"]
[WhiteFideId "21802890"]
[WhiteEloChange "-16"]
[BlackElo "1203"]
[BlackCountry "POL"]
[BlackFideId "21097950"]
[BlackEloChange "16"]

1. e4 {[%clk 1:30:30]} c5 {[%clk 1:30:30]} 2. d4 {[%clk 1:30:30]} cxd4 {[%clk
1:30:30]} 3. c3 {[%clk 1:30:30]} dxc3 {[%clk 1:30:30]} 4. Nxc3 {[%clk 1:30:30]}
e6 {[%clk 1:30:30]} 5. Nf3 {[%clk 1:30:30]} Bb4 {[%clk 1:30:30]} 6. Qd4 {[%clk
1:30:30]} Bxc3+ {[%clk 1:30:30]} 7. Qxc3 {[%clk 1:30:30]} Nf6 {[%clk 1:30:30]} 8.
Bg5 {[%clk 1:30:30]} Nc6 {[%clk 1:30:30]} 9. a3 {[%clk 1:30:30]} h6 {[%clk
1:30:30]} 10. Bh4 {[%clk 1:30:30]} g5 {[%clk 1:30:30]} 11. Nxg5 {[%clk 1:30:30]}
hxg5 {[%clk 1:30:30]} 12. Bxg5 {[%clk 1:30:30]} e5 {[%clk 1:30:30]} 13. Qf3
{[%clk 1:30:30]} Qa5+ {[%clk 1:30:30]} 14. Bd2 {[%clk 1:30:30]} Qd8 {[%clk
1:30:30]} 15. Bg5 {[%clk 1:30:30]} Qa5+ {[%clk 1:30:30]} 16. b4 {[%clk 1:30:30]}
Nxb4 {[%clk 1:30:30]} 17. Qxf6 {[%clk 1:30:30]} Nd5+ {[%clk 1:30:30]} 18. Bd2
{[%clk 1:30:30]} Qxd2+ {[%clk 1:30:30]} 19. Kxd2 {[%clk 1:30:30]} Nxf6 {[%clk
1:30:30]} 20. f3 {[%clk 1:30:30]} d5 {[%clk 1:30:30]} 21. Ke3 {[%clk 1:30:30]}
Bd7 {[%clk 1:30:30]} 22. Bd3 {[%clk 1:30:30]} dxe4 {[%clk 1:30:30]} 23. Bxe4
{[%clk 1:30:30]} Nxe4 {[%clk 1:30:30]} 24. Kxe4 {[%clk 1:30:30]} f6 {[%clk
1:30:30]} 25. Rab1 {[%clk 1:30:30]} Bc6+ {[%clk 1:30:30]} 26. Kf5 {[%clk
1:30:30]} Kf7 {[%clk 1:30:30]} 27. Rhd1 {[%clk 1:30:30]} Rh4 {[%clk 1:30:30]} 28.
Rd6 {[%clk 1:30:30]} Rf4# {[%clk 1:30:30]} 0-1

[Event "Poznan Chess Festival"]
[Site "chess24.com"]
[Date "2021.08.16"]
[Round "3"]
[White "Grynia, Jakub"]
[Black "Klapec, Adam"]
[Result "1-0"]
[Board "38"]
[WhiteElo "1399"]
[WhiteCountry "POL"]
[WhiteFideId "41802551"]
[WhiteEloChange "4"]
[BlackElo "1159"]
[BlackCountry "POL"]
[BlackFideId "21881162"]
[BlackEloChange "-4"]

1. d4 {[%clk 1:30:30]} d5 {[%clk 1:30:30]} 2. c4 {[%clk 1:30:30]} c6 {[%clk
1:30:30]} 3. Nf3 {[%clk 1:30:30]} Nf6 {[%clk 1:30:30]} 4. Nc3 {[%clk 1:30:30]} a6
{[%clk 1:30:30]} 5. a4 {[%clk 1:30:30]} e6 {[%clk 1:30:30]} 6. Bg5 {[%clk
1:30:30]} Be7 {[%clk 1:30:30]} 7. e3 {[%clk 1:30:30]} Bd7 {[%clk 1:30:30]} 8. Qc2
{[%clk 1:30:30]} a5 {[%clk 1:30:30]} 9. Bd3 {[%clk 1:30:30]} h6 {[%clk 1:30:30]}
10. Bh4 {[%clk 1:30:30]} Na6 {[%clk 1:30:30]} 11. Qb3 {[%clk 1:30:30]} Nb4 {[%clk
1:30:30]} 12. Bb1 {[%clk 1:30:30]} dxc4 {[%clk 1:30:30]} 13. Qxc4 {[%clk
1:30:30]} Rc8 {[%clk 1:30:30]} 14. O-O {[%clk 1:30:30]} b5 {[%clk 1:30:30]} 15.
Qe2 {[%clk 1:30:30]} bxa4 {[%clk 1:30:30]} 16. Nxa4 {[%clk 1:30:30]} c5 {[%clk
1:30:30]} 17. Bxf6 {[%clk 1:30:30]} Bxf6 {[%clk 1:30:30]} 18. Nxc5 {[%clk
1:30:30]} Bc6 {[%clk 1:30:30]} 19. Nd3 {[%clk 1:30:30]} Bb5 {[%clk 1:30:30]} 20.
Qd2 {[%clk 1:30:30]} Be7 {[%clk 1:30:30]} 21. Rc1 {[%clk 1:30:30]} Rxc1+ {[%clk
1:30:30]} 22. Nxc1 {[%clk 1:30:30]} O-O {[%clk 1:30:30]} 23. Nb3 {[%clk 1:30:30]}
a4 {[%clk 1:30:30]} 24. Nc1 {[%clk 1:30:30]} Qc7 {[%clk 1:30:30]} 25. Bd3 {[%clk
1:30:30]} Bc6 {[%clk 1:30:30]} 26. Be2 {[%clk 1:30:30]} Rc8 {[%clk 1:30:30]} 27.
Nd3 {[%clk 1:30:30]} Nd5 {[%clk 1:30:30]} 28. Nfe5 {[%clk 1:30:30]} Bb5 {[%clk
1:30:30]} 29. Nf4 {[%clk 1:30:30]} Bb4 {[%clk 1:30:30]} 30. Qd1 {[%clk 1:30:30]}
Bxe2 {[%clk 1:30:30]} 31. Nxe2 {[%clk 1:30:30]} Qc2 {[%clk 1:30:30]} 32. Qxc2
{[%clk 1:30:30]} Rxc2 {[%clk 1:30:30]} 33. Ng3 {[%clk 1:30:30]} Rxb2 {[%clk
1:30:30]} 34. Rxa4 {[%clk 1:30:30]} Rb1+ {[%clk 1:30:30]} 35. Nf1 {[%clk
1:30:30]} Nc3 {[%clk 1:30:30]} 36. Ra8+ {[%clk 1:30:30]} Kh7 {[%clk 1:30:30]} 37.
g3 {[%clk 1:30:30]} f6 {[%clk 1:30:30]} 38. Nd3 {[%clk 1:30:30]} Bd6 {[%clk
1:30:30]} 39. Ra6 {[%clk 1:30:30]} Ne4 {[%clk 1:30:30]} 40. Kg2 {[%clk 1:30:30]}
Bc7 {[%clk 1:30:30]} 41. Rxe6 {[%clk 1:30:30]} f5 {[%clk 1:30:30]} 42. Rc6 {[%clk
1:30:30]} Bd8 {[%clk 1:30:30]} 43. Rc1 {[%clk 1:30:30]} Rb6 {[%clk 1:30:30]} 44.
Nc5 {[%clk 1:30:30]} Nf6 {[%clk 1:30:30]} 45. Nd2 {[%clk 1:30:30]} Rb2 {[%clk
1:30:30]} 46. Nc4 {[%clk 1:30:30]} Ra2 {[%clk 1:30:30]} 47. Ne5 {[%clk 1:30:30]}
Bc7 {[%clk 1:30:30]} 48. Nf3 {[%clk 1:30:30]} Ng4 {[%clk 1:30:30]} 49. Nd3 {[%clk
1:30:30]} Nxe3+ {[%clk 1:30:30]} 50. Kg1 {[%clk 1:30:30]} Nc2 {[%clk 1:30:30]}
51. Nde1 {[%clk 1:30:30]} Nxe1 {[%clk 1:30:30]} 52. Rxe1 {[%clk 1:30:30]} Ba5
{[%clk 1:30:30]} 53. Rd1 {[%clk 1:30:30]} Bc3 {[%clk 1:30:30]} 54. d5 {[%clk
1:30:30]} Bb4 {[%clk 1:30:30]} 55. d6 {[%clk 1:30:30]} Bc5 {[%clk 1:30:30]} 56.
Ne5 {[%clk 1:30:30]} Rxf2 {[%clk 1:30:30]} 57. Kh1 {[%clk 1:30:30]} Bb6 {[%clk
1:30:30]} 58. d7 {[%clk 1:30:30]} Re2 {[%clk 1:30:30]} 59. Nf7 {[%clk 1:30:30]}
Ba5 {[%clk 1:30:30]} 60. d8=Q {[%clk 1:30:30]} Bxd8 {[%clk 1:30:30]} 61. Nxd8
{[%clk 1:30:30]} Kg6 {[%clk 1:30:30]} 62. Nc6 {[%clk 1:30:30]} Re6 {[%clk
1:30:30]} 63. Nd4 {[%clk 1:30:30]} Rd6 {[%clk 1:30:30]} 64. Kg2 {[%clk 1:30:30]}
Kf6 {[%clk 1:30:30]} 65. h4 {[%clk 1:30:30]} g6 {[%clk 1:30:30]} 66. Kf3 {[%clk
1:30:30]} g5 {[%clk 1:30:30]} 67. Ke3 {[%clk 1:30:30]} Rd5 {[%clk 1:30:30]} 68.
hxg5+ {[%clk 1:30:30]} hxg5 {[%clk 1:30:30]} 69. Rf1 {[%clk 1:30:30]} Re5+ {[%clk
1:30:30]} 70. Kd3 {[%clk 1:30:30]} Kg6 {[%clk 1:30:30]} 71. Rf2 {[%clk 1:30:30]}
Rd5 {[%clk 1:30:30]} 72. Kc4 {[%clk 1:30:30]} Re5 {[%clk 1:30:30]} 73. Nc6 {[%clk
1:30:30]} Re4+ {[%clk 1:30:30]} 74. Kd5 {[%clk 1:30:30]} Kf6 {[%clk 1:30:30]} 75.
Nd4 {[%clk 1:30:30]} Re5+ {[%clk 1:30:30]} 76. Kc4 {[%clk 1:30:30]} Kg6 {[%clk
1:30:30]} 77. Re2 {[%clk 1:30:30]} Rxe2 {[%clk 1:30:30]} 78. Nxe2 {[%clk
1:30:30]} Kh5 {[%clk 1:30:30]} 79. Kd4 {[%clk 1:30:30]} Kg4 {[%clk 1:30:30]} 80.
Ke5 {[%clk 1:30:30]} Kf3 {[%clk 1:30:30]} 81. Kxf5 {[%clk 1:30:30]} g4 {[%clk
1:30:30]} 82. Kg5 {[%clk 1:30:30]} Kxe2 {[%clk 1:30:30]} 83. Kxg4 {[%clk
1:30:30]} Kf2 {[%clk 1:30:30]} 1-0